00733nam a2200229 a 4500001000800000005001700008008004100025041000800066044000700074050002600081100004200107245004400149260004900193300001900242440003500261500001100296650003700307902000800344942001100352999001500363952012500378BRL_97520190320210958.0301013s1961----mx-#######---#000-1#spa-# aspa amx 4aPQ7297.B46b.A38 19611 aBenítez, Fernandod1912-200092548310aEl Agua EnvenenadacFernando Benítez. aMéxicobFondo de Cultura Económicac1961 a182 p.c17 cm. 0aColección popularv27925484 aAu112914anovela mexicanaySiglo XX923904 aGRL 2lcccB c9787d9787 00104070aBRLbBRLd2013-10-30iAu1129l0oPQ7297.B46 .A38 1961 (Au1129)pGRL01052r2019-03-22 00:00:00w2019-03-22yB